Les détenteurs du One for All - Statistiques

Statistiques générales
  • Ce quiz a été pris 7 fois
  • Le résultat moyen est 3 sur 9
Statistiques - réponses
Hint Réponse % Correct
Détenteur n°8 Toshinori Yagi / All Might
100%
Détenteur n°9 Izuku Midoriya
83%
Détenteur n°7 Nana Shimura
50%
Détenteur n°3 Bruce
17%
Détenteur n°6 En
17%
Détenteur n°2 Kudo
17%
Détenteur n°1 Yoichi Shigaraki
17%
Détenteur n°5 Banjyo Daigoro
0%
Détenteur n°4 Hikage Shinomori
0%
Aucun quiz correspondant
Distribution des résultats
% des personnes avec chaque résultat
Percentile par nombre de réponses
Votre historique - résultats
Vous n’avez pas pris ce quiz